Giáo sư nhà giáo nhân dân Trần Văn Giàu
v.v...
Đã lưu trong:
| Tác giả chính: | |
|---|---|
| Định dạng: | Sách |
| Năm xuất bản: |
H.:
Giáo dục,
1996.
|
| Chủ đề: | |
| Tags: |
Thêm thẻ
Không có thẻ, Hãy là người đầu tiên gắn thẻ bản ghi này!
|
| LEADER | 01211nam a2200193 4500 | ||
|---|---|---|---|
| 082 | |a 370.92597 |b Gi108s | ||
| 100 | |a Nhiều tác giả | ||
| 245 | |a Giáo sư nhà giáo nhân dân Trần Văn Giàu |c Viễn Phương, Hoàng Như Mai, Hưởng Triều | ||
| 260 | |a H.: |b Giáo dục, |c 1996. | ||
| 300 | |a 634 tr.; |c 24 cm. | ||
| 520 | |a v.v... | ||
| 653 | |a Văn học Việt Nam | ||
| 942 | |2 ddc |c STK0 | ||
| 999 | |c 1897 |d 1897 | ||
| 952 | |0 0 |1 0 |2 ddc |4 0 |6 370_925970000000000_GI108S |7 1 |8 300 |9 29317 |a qbu |b qbu |c D2 |d 2014-12-11 |g 66500 |o 370.92597 Gi108s |p 1110.c1 |r 0000-00-00 |w 2014-12-11 |y STK0 | ||
| 952 | |0 0 |1 0 |2 ddc |4 0 |6 370_925970000000000_GI108S |7 0 |8 300 |9 29318 |a qbu |b qbu |c D2 |d 2014-12-11 |g 66500 |o 370.92597 Gi108s |p 1110.c2 |r 0000-00-00 |w 2014-12-11 |y STK0 | ||
| 952 | |0 0 |1 0 |2 ddc |4 0 |6 370_925970000000000_GI108S |7 0 |8 300 |9 29319 |a qbu |b qbu |c D2 |d 2014-12-11 |g 66500 |o 370.92597 Gi108s |p 1110.c3 |r 0000-00-00 |w 2014-12-11 |y STK0 | ||
| 952 | |0 0 |1 0 |2 ddc |4 0 |6 370_925970000000000_GI108S |7 0 |8 300 |9 29320 |a qbu |b qbu |c D2 |d 2014-12-11 |g 66500 |o 370.92597 Gi108s |p 1110.c4 |r 0000-00-00 |w 2014-12-11 |y STK0 | ||
| 952 | |0 0 |1 0 |2 ddc |4 0 |6 370_925970000000000_GI108S |7 0 |8 300 |9 29321 |a qbu |b qbu |c D2 |d 2014-12-11 |g 66500 |o 370.92597 Gi108s |p 1110.c5 |r 0000-00-00 |w 2014-12-11 |y STK0 | ||